| 000 | 00364 a2200169 4500 | ||
|---|---|---|---|
| 001 | 186234 | ||
| 020 | _a85-04-00626-3 | ||
| 040 | _cMagnum | ||
| 100 | _aGuarnieri, Gianfrancesco | ||
| 240 | 1 | 0 |
_aAnimália _lpor |
| 245 | 1 | 0 | _aAnimália |
| 300 | _a46 | ||
| 362 | 0 | _a2004 | |
| 440 | 1 | _aCompanhia Editora Nacional | |
| 697 | _aLITERATURA JUVENIL | ||
| 942 | _cBK | ||
| 999 |
_c186234 _d186234 |
||